00417nam a22001457a 450000500170000000800410001702200130005804100250007108200130009610000240010924500410013326000450017430000260021965000260024520240308134717.0240308b |||||||| |||| 00| 0 eng d a02577747 aAfrikaans / English  a349 TYD  lAfrikaans / English aTydskrif vir die Suid-Afrikaans Reg  aKaapstad : bJuta en Kie Beperk, c1992  b185 pages ; c25 cm.  aLegal practice bLaw